000 00508nam a2200181Ia 4500
005 20250326141107.0
008 250326s9999 xx 000 0 und d
037 _aTextbook
040 _aFMSL
_beng
_cFMSL
041 _aeng
_2eng
084 _qFMSL
100 _aUnited Nations
245 0 _aWorld investment repot 2000: Cross border mergers ,acquisitions and development
_cUnited Nations
260 _aDelhi
_bDelhi, Bookwell
_c2000
300 _a331p
942 _cTB
999 _c1288671
_d1288671